Co rozumět pod pojmem ekologická expertiza.
Obsah činnosti, vecná náplň a zmysel ekologickej expertízy na základe zahraničných skúseností. Kritériá vymedzujúce typy investičných zámerov pre posudzovanie impaktu. Možnosti osvojenia si ekologickej expertízy v domácich podmienkach. Špecifikácia projektov, pre ktoré je povinné posúdenie impaktu v...
Salvato in:
| Autore principale: | |
|---|---|
| Natura: | Capitolo di libro |
| Lingua: | ceco |
| Soggetti: | |
| Tags: |
Nessun Tag, puoi essere il primo ad aggiungerne!!
|
MARC
| LEADER | 00000naa a2200000 4500 | ||
|---|---|---|---|
| 001 | r005589 | ||
| 005 | 20220819180717.2 | ||
| 041 | 0 | |a cze | |
| 044 | |a [CS] | ||
| 245 | 1 | 0 | |a Co rozumět pod pojmem ekologická expertiza. |c J. Říha |
| 520 | |a Obsah činnosti, vecná náplň a zmysel ekologickej expertízy na základe zahraničných skúseností. Kritériá vymedzujúce typy investičných zámerov pre posudzovanie impaktu. Možnosti osvojenia si ekologickej expertízy v domácich podmienkach. Špecifikácia projektov, pre ktoré je povinné posúdenie impaktu v rámci krajín EHS. | ||
| 610 | 2 | 0 | |a ekológia |
| 610 | 2 | 0 | |a expertízy |
| 610 | 2 | 0 | |a projekty |
| 610 | 2 | 0 | |a EHS |
| 610 | 2 | 0 | |a údaje štatistické |
| 610 | 2 | 0 | |a investície |
| 100 | 1 | |a Říha, J. | |